Lingvistický slovník

Bibliographic Details
Main Author: Mistrík, Jozef, 1921-2000 (Author)
Format: Book
Language:Slovak
PhysicalDescription:294 s. ilustr. 24 cm
Published: Bratislava Slovenské pedagogické nakladateľstvo 2002
ISBN:8008027045
Edition:1. vyd.
Subjects:

MARC

LEADER 00000cam a2200000 a 4500
001 vtls001430021
003 SK-MaSNL
005 20260301013152.0
008 240318s2002 xo a dn 000 0 slo
015 |a SNBA2004/05-01845 
020 |a 8008027045  |q (viazané) 
035 |a SNK000385042 
035 |a urn:nbn:sk:snk-amyh7b 
035 |a urn:nbn:sk:snk-am00ckbo 
035 |a 86A9A1CE-DCF4-447C-981F-A97DB452AE25 
040 |a SNK  |b slo  |c SNK  |e AACR2 
041 0 |a slo 
044 |a xo  |c SK 
072 7 |a 81  |x Lingvistika. Jazyky  |2 konspekt 
080 |a 81'1  |2 2011 
080 |a 81'373.46  |2 2011 
080 |a (038)81  |2 2011 
100 1 |a Mistrík, Jozef,  |d 1921-2000  |4 aut  |9 108177 
245 1 0 |a Lingvistický slovník  |c Jozef Mistrík 
250 |a 1. vyd. 
260 |a Bratislava  |b Slovenské pedagogické nakladateľstvo  |c 2002 
300 |a 294 s.  |b ilustr.  |c 24 cm 
504 |a Bibliogr.: s. 288-294 
650 0 7 |a lingvistika  |2 SNKPH  |9 860 
650 0 7 |a Linguistics  |2 SNKPHeng  |9 265222 
650 0 7 |a terminológia  |2 SNKPH  |9 3617 
650 0 7 |a Terminology  |2 SNKPHeng  |9 299446 
655 7 |a terminologické slovníky  |2 SNKPH  |9 70504 
655 7 |a Terminological dictionaries  |2 SNKPHeng  |9 90728 
919 |a 80-08-02704-5 
958 |a NB 
999 |c 555413  |d 557343 
952 |t P60, <03>, [BOOK], {603}  |a SNK  |b SNK  |y PREZ  |7 0  |p 17A0334806  |o snkSC 107385  |i snkKSP 2663/2002  |0 0  |1 0  |4 0  |d 2002-02-26  |f 1  |l 0  |r 2025-09-29 00:00:00  |w 2026-02-23 
952 |t P60, <04>, [BOOK], {604}  |a SNK  |b SNK  |y VYP  |7 0  |p 17A0334807  |o snkSC 107385 D1  |i snkKSP 2664/2002  |0 0  |1 0  |4 0  |d 2002-02-26  |l 0  |r 2005-01-02 00:00:00  |w 2026-02-23 
952 |a SNK  |b SNK  |y VYP  |7 0  |p 17A0334808  |o snkSC 107385 D2  |i snkK 141/2002  |8 3  |0 0  |1 0  |4 0  |d 2002-02-26  |l 0  |r 2005-01-02 00:00:00  |w 2026-02-23 
952 |t snkMIS 800(031)  |a SNKUST  |b SNKUST  |y PREZ  |7 0  |p 17A0457152  |o snkSC 107385 D3  |i snkK 1562/2004  |8 3  |0 0  |1 0  |4 0  |d 2005-01-25  |l 0  |r 2025-04-28 00:00:00  |w 2026-02-23